Corona performance of high-voltage transmission linrs (Record no. 1029)

MARC details
000 -LEADER
fixed length control field 00825 a2200205 4500
008 - FIXED-LENGTH DATA ELEMENTS--GENERAL INFORMATION
fixed length control field 080822t xxu||||| |||| 00| 0 eng d
010 ## - LIBRARY OF CONGRESS CONTROL NUMBER
LC control number ENG-85076
020 ## - INTERNATIONAL STANDARD BOOK NUMBER
International Standard Book Number 8188689556
Terms of availability 795.00
035 ## - SYSTEM CONTROL NUMBER
System control number EN-68609
037 ## - SOURCE OF ACQUISITION
Source of stock number/acquisition D.B.Act / Pub
082 ## - DEWEY DECIMAL CLASSIFICATION NUMBER
Classification number 621.319
100 ## - MAIN ENTRY--PERSONAL NAME
Personal name Maruvada, P. Sarma
245 ## - TITLE STATEMENT
Title Corona performance of high-voltage transmission linrs
Statement of responsibility, etc by P. Sarma Maruvada
260 ## - PUBLICATION, DISTRIBUTION, ETC. (IMPRINT)
Place of publication, distribution, etc New Delhi
Name of publisher, distributor, etc Overseas Press India
Date of publication, distribution, etc 2006
270 ## - ADDRESS
Address 7/28, Ansari Road, Darya Ganj
City New Delhi
Postal code 110 002
Electronic mail address overseas@de13.vsnl.nic.in
300 ## - PHYSICAL DESCRIPTION
Extent xv,310p.
Other physical details 23cm. (Hb)
500 ## - GENERAL NOTE
General note includes index
942 ## - ADDED ENTRY ELEMENTS (KOHA)
Institution code [OBSOLETE] dpl
Koha item type English Books
Call number prefix 621.319 / MAR
Source of classification or shelving scheme Dewey Decimal Classification
Classification part 621.319
Call number suffix MAR
Holdings
Withdrawn status Lost status Damaged status Not for loan Home library Current library Date acquired Cost, normal purchase price Total Checkouts Full call number Barcode Date last seen Copy number Uniform Resource Identifier Cost, replacement price Price effective from Koha item type
        D.B.Act.Division D.B.Act.Division 22/08/2008 795.00   621.319 MAR EN-68609 15/09/2008 1 1094 795.00 15/09/2008 English Books

© Delhi Public Library
Hit Counter
free hit counter